| 000 | 01077nam a2200253 a 4500 | ||
|---|---|---|---|
| 001 | 000011483 | ||
| 005 | 20240412074226.0 | ||
| 008 | 091019s2006 dr c r 000 d spa d | ||
| 020 | _a193227166X | ||
| 040 |
_aDO-SdBNP _bspa _cBNPHU |
||
| 082 |
_aRD862.44 _bV145re |
||
| 100 | 1 |
_aValdez, Pedro Antonio, _d1968- _922509 |
|
| 245 | 1 | 0 |
_aReciclaje : _bflor de textos teatrales / _cPedro Antonio Valdez. |
| 260 |
_aSan Juan, Puerto Rico : _bIsla Negra, _c2006. _eSanto Domingo |
||
| 300 |
_a98 p. : _bretrs. ; _c15 cm. |
||
| 490 | 1 | _aLos pies de Edipo | |
| 500 | _aIncluye datos biográficos del autor en la solapa de la cubierta. | ||
| 505 | 0 |
_gCinco textos teatrales para ser mirados / _rJuan Antonio Rodríguez Pagán -- _gTeatro de reciclaje : _tParadise -- _tMáscaras crueles -- _tParasitum -- _tOperación Don Quijote -- _tRetrato de familia -- _gDocumentación fotográfica. |
|
| 590 | _aInventariado, 2019/BT | ||
| 650 | 0 |
_aTeatro dominicano _9637 |
|
| 650 | 0 |
_aLiteratura dominicana. _967 |
|
| 830 | 0 |
_aLos pies de Edipo _927135 |
|
| 910 | _aValidado. Control de calidad EMS. | ||
| 999 |
_c11184 _d11184 |
||